[Event "GAMMA Reykjavik Open 2018"]
[Site "Reykjavik"]
[Date "2018.03.15"]
[Round "8"]
[White "Brunello, Sabino"]
[Black "L'Ami, Alina"]
[Result "1-0"]
[WhiteElo "2542"]
[BlackElo "2306"]
[Annotator "TA"]
[PlyCount "93"]
[EventType "swiss"]
[EventCountry "ISL"]
[SourceTitle "playchess.com"]
[Source "ChessBase"]
[SourceQuality "1"]

{[%evp 22,93,62,64,81,77,79,66,88,64,70,87,102,93,97,102,127,110,189,175,162,124,125,120,135,99,147,121,116,119,109,135,221,214,224,216,230,241,204,135,146,106,502,337,394,396,439,439,439,437,397,422,429,402,414,414,403,393,437,404,596,584,545,524,588,587,1094,887,2158,1800,29985,29986,29977,1616]} 1. d4 Nf6 2. c4 g6 3. f3 Bg7 4. e4 d6 5. Nc3 O-O 6. Nge2 c5 7. Be3 cxd4 {E81: King's Indian: Sämisch: 6th move deviations (including 6 Be3 c6)} (7... Nc6 8. d5 Ne5 9. Ng3 h5 10. Be2 h4 11. Nf1 e6 12. Bg5 h3 13. Ne3 hxg2 14. Nxg2 exd5 15. Nxd5 Be6 16. Ngf4 Re8 17. h4 Ned7 {1-0 (37) Matlakov,M (2730)-Can,E (2604) Heraklio 2017}) 8. Nxd4 b6 9. Be2 Bb7 10. O-O Nbd7 {[%cal Bb8d7,Bd7e5,Be5c6][%mdl 32]} 11. Qd2 Re8 12. Rac1 {LiveBook: 7 Games} Rc8 13. Rfd1 Qc7 14. b4 Qb8 15. a4 $146 Ne5 16. Nd5 Nc6 17. Nb3 Nd7 18. a5 e6 19. Nc3 {[%cal Bd5c3,Bc3a2,Ba2b4][%mdl 32]} bxa5 (19... Red8 $16 {was called for.}) 20. b5 $18 ({Stronger than} 20. Qxd6 axb4 21. Qxb8 Rxb8 $11) (20. bxa5 $6 Nc5 $14) (20. Nxa5 $6 Nxa5 21. bxa5 Be5 $14) 20... Nce5 21. Nxa5 Nb6 {[%cal Re5c4]} 22. Na2 Bf8 23. Nb4 Qc7 24. f4 Ned7 25. Bf3 Nc5 26. Qc2 d5 (26... Ba8 $16) 27. cxd5 exd5 {[#]} 28. e5 $1 Nc4 29. Nxc4 ({But not} 29. Nxd5 $6 Bxd5 30. Nxc4 Bxf3 $16) 29... dxc4 30. Bxb7 Qxb7 31. Qxc4 a6 $2 {[%mdl 8192] [#]} (31... Na4 $16 32. Qd5 Rxc1 33. Rxc1 (33. Qxb7 Rxd1+ 34. Kf2 Bxb4 $15) 33... Rb8) 32. b6 Qxb6 33. Nd5 Qb3 34. Qxb3 Nxb3 35. Rb1 Nc5 36. Nf6+ Kg7 37. Nxe8+ Rxe8 38. Rd5 Ne6 39. Rb7 Ra8 40. Rdd7 a5 (40... Nd8 $142 41. Ra7 Rxa7 42. Rxa7 g5 43. fxg5 Ba3 44. Rxa6 Bb2) 41. Rxf7+ Kg8 42. Rf6 Ng7 43. g4 Bb4 44. Rff7 Ne6 45. f5 Nd8 46. Rg7+ Kf8 47. Rxh7 {Precision: White = 71%, Black = 31%.} (47. Rbc7 $142 gxf5 48. gxf5 Rc8 49. Rxc8 Kxg7 50. Rxd8 Kf7 51. Rd7+ Ke8 52. Rxh7) 1-0

[Event "GAMMA Reykjavik Open 2018"]
[Site "Reykjavik"]
[Date "2018.03.15"]
[Round "8"]
[White "Nihal Sarin"]
[Black "Vaibhav, Suri"]
[Result "1/2-1/2"]
[WhiteElo "2534"]
[BlackElo "2544"]
[Annotator "TA"]
[PlyCount "38"]
[EventType "swiss"]
[EventCountry "ISL"]
[SourceTitle "playchess.com"]
[Source "ChessBase"]
[SourceQuality "1"]

{[%evp 24,38,17,0,15,16,0,0,0,-36,0,0,0,-33,0,0,0]} 1. c4 Nf6 2. Nc3 e5 3. Nf3 Nc6 4. g3 d5 5. cxd5 Nxd5 6. Bg2 Nb6 7. O-O Be7 8. a3 O-O 9. b4 {[%cal Bb2b4,Bb4b5][%mdl 32]} Be6 10. Rb1 f6 11. b5 {A29: English Opening: Four Knights Variation with 4 g3} (11. d3 Nd4 12. Bb2 Nxf3+ 13. Bxf3 c6 14. Ne4 Bd5 15. Bc3 Rf7 16. Bh5 Rf8 17. Bf3 Rf7 18. Bh5 Rf8 19. Bf3 {½-½ (19) Svidler,P (2765)-Matlakov,M (2735) St Petersburg 2017}) 11... Nd4 12. e3 Nxf3+ 13. Bxf3 {LiveBook: 5 Games} Qc8 14. Qc2 Rd8 15. d4 Bf5 {[#]} 16. Qb3+ $146 ({Predecessor:} 16. Ne4 exd4 17. exd4 Rxd4 {½-½ (76) Shimanov,A (2642)-Sevian,S (2585) Saint Louis 2017}) 16... Be6 17. Qc2 Bf5 18. Qb3+ Be6 19. Qc2 Bf5 1/2-1/2

[Event "GAMMA Reykjavik Open 2018"]
[Site "Reykjavik"]
[Date "2018.03.15"]
[Round "8"]
[White "Stefansson, Hannes"]
[Black "Haria, Ravi"]
[Result "1-0"]
[WhiteElo "2533"]
[BlackElo "2424"]
[Annotator "TA"]
[PlyCount "65"]
[EventType "swiss"]
[EventCountry "ISL"]
[SourceTitle "playchess.com"]
[Source "ChessBase"]
[SourceQuality "1"]

{[%evp 27,65,18,27,-34,-36,-35,-23,-35,0,0,0,0,0,0,6,8,65,65,70,67,82,94,89,81,357,345,342,351,351,336,345,304,755,738,738,591,548,487,502,502]} 1. d4 e6 2. c4 d5 3. Nc3 Bb4 4. Nf3 Nf6 5. Bg5 Nbd7 6. e3 c5 7. cxd5 exd5 8. Bd3 Qa5 9. Qc2 c4 10. Bf5 O-O 11. O-O Re8 12. Nd2 g6 13. Bxd7 Nxd7 14. e4 {D38: Queen's Gambit Declined: Ragozin Defence (4 Nf3 Bb4)} (14. f3 Bf8 15. a3 Nb6 16. b4 cxb3 17. Nxb3 Qa6 18. Nc5 Qc4 19. Rfc1 h6 20. Bf6 Nd7 21. Nxd7 Bxd7 22. Be5 {½-½ (35) Jankovic,A (2591)-Alekseev,E (2632) Tallinn 2016}) 14... Bxc3 {LiveBook: 11 Games} 15. bxc3 (15. Qxc3 $11 Qxc3 16. bxc3) 15... dxe4 $15 16. Bh4 {Black is slightly better.} Qd5 17. Rfe1 $146 {[%cal Re1e4]} ({Predecessor:} 17. Rae1 b5 18. Nxe4 Bb7 19. f3 Kg7 20. Qd2 f6 {1-0 (42) Danielsen,H-Heyken,E (2350) Brondby 1985}) 17... f5 18. f3 {[%cal Rf3e4]} e3 {[#] White must now prevent ...Re6.} 19. Bg5 e2 20. a4 b6 21. Nb1 {[%cal Bd2b1,Bb1a3,Ba3b5][%mdl 32]} Ba6 ({Better is} 21... Nf8 $11) 22. Rxe2 $14 Kf7 23. Na3 Rxe2 24. Qxe2 Re8 25. Qd2 Bb7 $2 {[%mdl 8192]} (25... Nf6 $16) 26. Nb5 $18 Qc6 {intending ...a6.} 27. Nxa7 Qd5 28. Nb5 {[#] Hoping for Nc7.} Qc6 29. Qf4 Re2 $2 (29... Kg8 30. Qg3 Re6) 30. Kf1 {White is clearly winning.} Re6 31. Rd1 Nf6 32. Bxf6 Rxf6 33. d5 {Precision: White = 72%, Black = 30%.} 1-0

[Event "GAMMA Reykjavik Open 2018"]
[Site "Reykjavik"]
[Date "2018.03.15"]
[Round "8"]
[White "Abdusattorov, Nodirbek"]
[Black "Kamsky, Gata"]
[Result "1/2-1/2"]
[WhiteElo "2518"]
[BlackElo "2677"]
[Annotator "TA"]
[PlyCount "120"]
[EventType "swiss"]
[EventCountry "ISL"]
[SourceTitle "playchess.com"]
[Source "ChessBase"]
[SourceQuality "1"]

{[%evp 13,120,6,29,0,0,0,0,0,0,0,38,-12,4,-12,-9,-16,-2,-38,-35,-42,-35,-100,-77,-123,-123,-123,-122,-127,-122,-118,-126,-119,-122,-129,-133,-138,-129,-125,-109,-152,-111,-128,-116,-151,-136,-223,-214,-240,-230,-235,-225,-225,-203,-189,-207,-206,-199,-214,-164,-231,-206,-205,-204,-185,-176,-186,-65,-64,-65,-65,-52,-61,-67,-62,-67,-117,0,0,0,-14,-8,-8,0,0,0,0,0,0,0,0,0,0,0,0,0,0,0,0,0,0,0,0,0,0,0,0,0,-12,0]} 1. e4 c5 2. Nf3 e6 3. d4 cxd4 4. Nxd4 a6 5. Nc3 b5 6. a3 Bb7 7. g3 {B43: Sicilian: Kan Variation: 5 Nc3} (7. Bd3 Bc5 8. Nb3 Be7 9. O-O d6 10. Bd2 Nf6 11. Qf3 Nbd7 12. Qg3 h5 13. f4 h4 14. Qf3 Rc8 15. Rae1 {0-1 (33) Karttunen,M (2455)-Andreikin,D (2737) Tallinn 2016}) 7... Nc6 {LiveBook: 4 Games} 8. Nxc6 $146 ({Predecessor:} 8. Nb3 Nf6 9. Bg2 d6 10. O-O Be7 11. f4 h6 12. Qe2 O-O 13. Be3 Qc7 14. g4 Nh7 {1-0 (28) Amanov,Z (2374)-Charbonneau,P (2517) Saint Louis 2012}) 8... Bxc6 9. Bg2 Bc5 10. O-O Ne7 11. Bf4 Rc8 12. Qh5 (12. b4 $5 {[%cal Rb4c5]} Bb6 13. a4 $14) 12... Bd4 13. Bd6 Bxc3 14. bxc3 O-O 15. Qh4 f6 16. Rfe1 Rf7 17. Bh3 (17. a4 $15) 17... Bb7 18. Re3 Rc4 19. Bxe7 Qxe7 20. Bf1 g5 21. Qh5 Rxe4 22. Rxe4 Bxe4 23. a4 Qc5 24. axb5 axb5 25. Rd1 Kg7 26. Qe2 Bc6 27. Qd2 e5 {[%cal Be6e5,Be5e4][%mdl 32]} 28. Rb1 Re7 29. Rb4 (29. Qd3 $17) 29... Re6 $19 30. Bg2 Rd6 31. Qe1 {[#]} e4 $1 {[%mdl 512]} 32. Bf1 (32. Bxe4 Re6) 32... h5 33. c4 bxc4 34. Rxc4 Qd5 35. Qe3 Qd2 36. h4 (36. c3 {was necessary.}) 36... Qxe3 37. fxe3 gxh4 $1 38. gxh4 {[%mdl 4096] Endgame KRB-KRB} Rd2 $1 39. Rc5 {[#]} Kh6 (39... Bd5 $1 $19 40. Ba6 Be6) 40. c4 $15 Ra2 {Threatens to win with ...Kg6.} 41. Rf5 $1 Kg6 42. Rf2 Ra1 43. Rg2+ Kh7 44. Kf2 {[#]} d5 (44... d6 $1 $17 45. Rg1 Ba4) 45. cxd5 $11 {The position is equal.} Bxd5 46. Be2 Kh6 47. Kg3 Be6 48. Rf2 Kg6 49. Rf4 f5 (49... Ra4 {is more complex.} 50. Bb5 Ra3 51. Rxe4 Kf5 52. Bc6 Rb3) 50. Rf2 Bf7 51. Bf1 Kf6 {White must now prevent ...Ke5.} 52. Kf4 Re1 53. Bg2 Be6 54. Rb2 Rc1 55. Rf2 Rc7 56. Rb2 Rg7 {[%csl Ge6,Gf5,Gh5][%cal Rg7g4]} 57. Bh3 Rg1 {Hoping for ...Rh1.} 58. Bg2 Rc1 59. Rf2 Bb3 60. Rb2 Be6 {Precision: White = 59%, Black = 67%.} 1/2-1/2

[Event "GAMMA Reykjavik Open 2018"]
[Site "Reykjavik"]
[Date "2018.03.15"]
[Round "8"]
[White "Perelshteyn, Eugene"]
[Black "Gledura, Benjamin"]
[Result "1-0"]
[WhiteElo "2513"]
[BlackElo "2632"]
[Annotator "TA"]
[PlyCount "69"]
[EventType "swiss"]
[EventCountry "ISL"]
[SourceTitle "playchess.com"]
[Source "ChessBase"]
[SourceQuality "1"]

{[%evp 12,69,-8,-5,-3,-3,31,15,58,54,68,48,56,58,58,59,59,60,60,60,114,63,76,75,75,74,80,65,66,70,84,79,82,73,80,72,75,75,76,50,50,50,50,50,76,50,43,43,86,67,1858,1447,29991,29992,29993,29994,29994,29995,29995,29996]} 1. e4 e5 2. Nc3 Nf6 3. f4 d5 4. fxe5 Nxe4 5. Qf3 Nxc3 6. bxc3 Be7 7. d4 {LiveBook: 6 Games. C29: Vienna Game: 2...Nf6 3 f4} c5 (7... O-O 8. Bd3 f6 9. Qh5 g6 10. Bxg6 hxg6 11. Qxg6+ Kh8 12. Qh6+ Kg8 13. Qg6+ {½-½ (13) Brunello,M (2377)-Warakomska,A (2268) Balatonszarszo 2017}) 8. Bd3 cxd4 9. cxd4 {White is slightly better.} Qa5+ $146 ({Predecessor:} 9... Bb4+ 10. Kf1 Qh4 11. c3 Bg4 12. Qe3 Ba5 13. Ba3 Nc6 14. Rc1 O-O-O {0-1 (72) Burchert,W (2165)-Heimrath,R (2256) Bad Wiessee 2009}) 10. Bd2 Bb4 11. Rd1 Bxd2+ 12. Rxd2 Nc6 13. Ne2 Nb4 14. O-O O-O 15. Ng3 Qb6 {[#]} (15... Nxd3 $14 16. Rxd3 g6) 16. c3 (16. Bf5 $1 $16) 16... Nxd3 17. Rxd3 Qg6 18. h3 Bd7 19. Re3 Qg5 20. Nh5 Rac8 21. Nf4 Be6 22. Qf2 Qe7 23. Rg3 {Strongly threatening Nh5.} Kh8 24. Rf3 Rc7 25. Qg3 Rg8 26. Kh2 b5 27. Qe1 Rgc8 28. Rg3 (28. Qf2 $5 {[%cal Rf4e6]}) 28... Rc4 29. Rff3 b4 30. Nh5 bxc3 $2 {[%mdl 8192]} (30... g6 $14 31. Nf6 Kg7) 31. Rxg7 $18 {[#] White threatens Qc1 and mate.} Rxd4 32. Qe3 {White mates.} Bg4 33. Qh6 {[%csl Gg7][%cal Rh6h7]} Qxe5+ 34. Rg3 {[%csl Gg7][%cal Rh6h7]} Bf5 35. Nf6 {Precision: White = 91%, Black = 48%.} 1-0

[Event "GAMMA Reykjavik Open 2018"]
[Site "Reykjavik"]
[Date "2018.03.15"]
[Round "8"]
[White "Kveinys, Aloyzas"]
[Black "Lagarde, Maxime"]
[Result "0-1"]
[WhiteElo "2511"]
[BlackElo "2587"]
[Annotator "TA"]
[PlyCount "64"]
[EventType "swiss"]
[EventCountry "ISL"]
[SourceTitle "playchess.com"]
[Source "ChessBase"]
[SourceQuality "1"]

{[%evp 20,64,39,24,77,14,31,10,31,10,30,0,29,19,21,-16,-19,-29,-29,-37,-5,-18,-7,-8,19,-26,-24,-102,-110,-111,-111,-96,-110,-165,-152,-155,-155,-175,-162,-205,-222,-260,-223,-417,-434,-531,-425]} 1. Nf3 Nf6 2. c4 g6 3. g3 Bg7 4. Bg2 d5 5. cxd5 Nxd5 6. O-O Nc6 7. Nc3 Nb6 8. d3 O-O 9. Be3 h6 10. Qc1 Kh7 {A16: English Opening: 1...Nf6 with ...d5} 11. Rd1 {LiveBook: 9 Games} (11. d4 Bg4 12. Rd1 Qc8 13. d5 Na5 14. Bd4 Nac4 15. Bxg7 Kxg7 16. b3 Nd6 17. Qe3 Re8 18. Rac1 {1-0 (73) Khalifman,A (2617)-Yeletsky,I (2340) St Petersburg 2016}) 11... Be6 (11... e5 $11 {remains equal.}) 12. Ne4 (12. Bc5 $16) 12... Qc8 $146 {The position is equal.} ({Predecessor:} 12... Nd5 13. Nc5 Qc8 14. Bd2 Nd8 15. e4 Nf6 16. Nxe6 Nxe6 17. Bh3 Rd8 18. Bc3 {1-0 (51) Meyers,M (2096)-Zimmermann,C (2073) Magdeburg 2014}) 13. Qc2 Rd8 14. a3 a5 15. Bd2 Bd5 16. Bc3 e5 {[%cal Be7e5,Be5d4][%mdl 32]} 17. b4 Nd4 18. Bxd4 exd4 19. Nc5 c6 20. Rab1 {[#] And now bxa5 would win.} a4 21. Rdc1 Qc7 22. Qd1 Qe7 23. b5 (23. Qc2 $11) 23... Ra5 $17 24. bxc6 Rxc5 25. Rxb6 {aiming for cxb7.} bxc6 {[%cal Bb7c6,Bc6b5][%mdl 32]} 26. Ra1 (26. Nd2 $17) 26... Rb5 $36 {[%mdl 2048] Black is on the roll.} 27. Rxb5 cxb5 28. Nd2 {[#]} Be6 $1 ({Don't take} 28... Bxg2 29. Kxg2 Rc8 30. Nb1 $17) 29. Rb1 Rb8 30. Rb4 Qc7 31. Nb1 $2 (31. Rb1) 31... Bb3 32. Qe1 Qc2 {Precision: White = 20%, Black = 71%.} 0-1

[Event "GAMMA Reykjavik Open 2018"]
[Site "Reykjavik"]
[Date "2018.03.15"]
[Round "8"]
[White "Fernandez, Daniel Howard"]
[Black "Yilmaz, Mustafa"]
[Result "0-1"]
[WhiteElo "2505"]
[BlackElo "2619"]
[Annotator "TA"]
[PlyCount "126"]
[EventType "swiss"]
[EventCountry "ISL"]
[SourceTitle "playchess.com"]
[Source "ChessBase"]
[SourceQuality "1"]

{[%evp 15,126,12,13,-7,0,-12,8,-35,7,7,22,22,22,22,22,0,11,9,22,11,18,23,21,28,29,35,39,6,12,14,31,13,28,0,49,8,45,14,18,18,55,7,9,-12,-13,-13,-13,-18,-12,-15,-10,-25,-7,-16,0,0,0,0,0,0,0,0,0,0,0,0,0,0,0,0,17,14,19,8,14,15,19,17,19,0,0,0,0,0,0,-10,0,0,0,-9,-16,-84,-68,-145,-157,-107,-48,-54,-55,-85,-91,-233,-227,-351,-351,-376,-345,-427,-427,-629,-607,-596,-593]} 1. b3 d5 2. Bb2 Bg4 3. Nf3 Nd7 4. g3 e6 5. Bg2 Ngf6 6. c4 c6 7. h3 {A12: English Opening: 1...c6 with b3 by White} (7. O-O h6 8. Nc3 Bd6 9. d3 O-O 10. Rc1 Qe7 11. Qc2 a6 12. Qb1 Rad8 13. cxd5 cxd5 14. e4 dxe4 15. dxe4 Bxf3 16. Bxf3 {½-½ (84) Jumabayev,R (2606)-Bruzon Batista,L (2659) Berlin 2015}) 7... Bxf3 8. Bxf3 Bd6 {LiveBook: 3 Games} 9. Bg2 {The position is equal.} O-O 10. O-O a5 $146 ({Predecessor:} 10... Qe7 11. d3 Rfd8 12. Nd2 Ba3 13. Qc1 Bxb2 14. Qxb2 a5 {½-½ (29) Stohl,I (2551)-Schandorff,L (2534) Germany 2006}) 11. a4 Re8 12. e3 Nc5 13. d4 Nce4 14. Qc2 Bb4 15. Kh2 Qb8 16. Nc3 Nxc3 17. Bxc3 Bxc3 18. Qxc3 Qd6 19. Rfb1 Re7 20. b4 axb4 21. Qxb4 (21. Rxb4 {with more complications.} h5 22. Qb2 Ra7 23. Kg1 Qc7 24. h4) 21... Qxb4 22. Rxb4 Ra5 23. Rab1 Ra7 24. f4 Kf8 25. g4 Rd7 26. g5 Ng8 27. c5 h5 28. gxh6 Nxh6 29. e4 dxe4 30. Bxe4 g6 31. Kg3 Ng8 32. Kf2 Nf6 33. Bf3 Ke8 34. Ke3 Kd8 35. a5 Kc8 36. Ra4 Rc7 37. h4 Ng8 38. h5 gxh5 39. Bxh5 Ne7 40. Bf3 Rd7 41. Rh1 Rd8 42. Rh7 Rf8 43. Be4 Ra8 44. Ra1 Kd7 45. Kd2 Ra7 46. Kc3 Ke8 47. Kb4 Rg8 48. Rah1 Ra8 49. R7h3 Kd7 50. Bf3 Rg6 51. Be4 Rg4 52. Rh4 Rag8 53. a6 (53. Kc4 $11) 53... bxa6 $17 54. Ka5 {[#]} ({White should play} 54. Rxg4 $1 $15 Rxg4 55. Rf1) 54... Rg3 $1 {[%cal Rg3a3]} 55. R1h3 Rxh3 56. Rxh3 {[%mdl 4096] Endgame KRB-KRN} Rg4 57. Rf3 $1 f5 58. Bc2 (58. Bd3 $17) 58... Nd5 $19 59. Rb3 (59. Bb3 $142 Nxf4 60. Kb6) 59... Rxf4 60. Rb7+ Kc8 61. Rh7 Rxd4 {Black is clearly winning.} 62. Ba4 (62. Bb3 $142 f4 63. Rh3) 62... Rc4 63. Rh8+ Kb7 {Precision: White = 40%, Black = 55%.} 0-1

[Event "GAMMA Reykjavik Open 2018"]
[Site "Reykjavik"]
[Date "2018.03.15"]
[Round "8"]
[White "Loiseau, Quentin"]
[Black "Risting, Eivind Olav"]
[Result "1-0"]
[WhiteElo "2427"]
[BlackElo "2304"]
[Annotator "TA"]
[PlyCount "81"]
[EventType "swiss"]
[EventCountry "ISL"]
[SourceTitle "playchess.com"]
[Source "ChessBase"]
[SourceQuality "1"]

{[%evp 19,81,0,14,8,116,124,119,118,124,114,118,69,95,93,93,62,66,57,94,95,91,90,100,92,110,82,171,168,167,157,166,175,172,163,162,167,197,199,190,191,230,222,255,253,250,252,256,234,238,208,202,197,202,204,252,241,251,249,333,283,339,334,444,459]} 1. e4 e6 2. d4 d5 3. Nc3 Nf6 4. Bg5 dxe4 5. Nxe4 Be7 6. Bxf6 gxf6 7. Nf3 f5 8. Nc3 a6 {C13: French: Classical System: 4 Bg5 Be7, Alekhine-Chatard Attack} 9. Qe2 (9. Qd2 b5 10. O-O-O b4 11. Na4 Qd5 12. b3 Bd7 13. Bc4 Qd6 14. d5 e5 15. Rhe1 e4 16. Nd4 {1-0 (40) Carlsen,M (2832)-Grischuk,A (2750) chess.com INT 2017}) 9... Qd6 10. O-O-O Nd7 {LiveBook: 8 Games. The position is equal.} 11. d5 Bf6 $146 (11... e5 $11) ({Find the theoretical novelty and annotate with similar games:} 11... e5 12. Qe3 e4 13. Nd4 Nb6 14. Be2 Nxd5 15. Nxf5 Nxe3 16. Nxd6+ Bxd6 17. fxe3 {1-0 (57) Safarli,E (2691)-Battaglini,G (2426) London 2016}) 12. dxe6 $16 Qxe6 13. Nd5 Qxe2 14. Bxe2 Bd8 15. Bd3 Nc5 16. Rhe1+ Kf8 17. Ne3 Nxd3+ 18. Rxd3 ({Don't play} 18. cxd3 $6 Be6 $11) 18... Be7 19. Nd4 f4 20. Nd5 $36 {[%mdl 2048] White has strong initiative.} Bd6 21. Rc3 c5 22. Nb3 Rg8 (22... Be6 $16) 23. Nb6 $18 Rb8 24. Nxc5 Kg7 25. Rd1 Be7 26. Ncd7 Bxd7 27. Rxd7 Bg5 {intending ...f3+.} 28. Kd1 Bf6 29. Rb3 Rbd8 30. Ke2 Bd4 31. Rxd8 ({Much less strong is} 31. Rxb7 $6 Rge8+ 32. Kf3 Bxb6 $16) 31... Rxd8 {[%mdl 4096] Endgame KRB-KRN} 32. c3 Bf6 33. Rb4 Rd6 34. Nc4 Re6+ 35. Kf3 b5 {[#] Hoping for ...Be7.} 36. Nd2 Re1 37. a4 ({Don't take} 37. Kxf4 $6 Ra1 $16) 37... bxa4 38. Rxa4 Rd1 39. Ne4 Be7 {If Black can now play ...f5 this consolidates a bit.} 40. Kxf4 Rb1 41. b4 {Precision: White = 75%, Black = 43%.} 1-0

[Event "GAMMA Reykjavik Open 2018"]
[Site "Reykjavik"]
[Date "2018.03.15"]
[Round "8"]
[White "Thorhallsson, Throstur"]
[Black "Ramirez, Alejandro"]
[Result "0-1"]
[WhiteElo "2419"]
[BlackElo "2568"]
[Annotator "TA"]
[PlyCount "86"]
[EventType "swiss"]
[EventCountry "ISL"]
[SourceTitle "playchess.com"]
[Source "ChessBase"]
[SourceQuality "1"]

{[%evp 32,86,-13,-24,22,-25,-11,-10,0,0,0,-50,-16,-28,-30,-23,-10,-31,-18,-88,-65,-55,-72,-73,-28,-37,-31,-19,32,-45,-29,-125,-124,-884,-860,-3382,-3686,-1613,-5527,-2442,-2279,-1453,-659,-715,-712,-1528,-697,-5157,-5078,-1902,-1902,-1902,-1902,-1902,-1902,-1187,-1124]} 1. e4 c5 2. Nf3 e6 3. d4 cxd4 4. Nxd4 Nc6 5. Nc3 Qc7 6. Be3 a6 7. Be2 Nf6 8. O-O Be7 9. f4 d6 10. Kh1 O-O 11. Qe1 Nxd4 12. Bxd4 b5 13. a3 Nd7 {B85: Sicilian Scheveningen: 6 Be2 a6, lines with early Be3} (13... Bb7 14. Qg3 Rad8 15. Rae1 Qd7 16. Bd3 Nh5 17. Qg4 Nf6 18. Qg3 Nh5 19. Qg4 Nf6 20. Qg3 Nh5 21. Qg4 Nf6 22. Qg3 {½-½ (24) Andreikin,D (2712)-Grischuk,A (2772) Huaian 2017}) 14. Qg3 Bf6 15. Bxf6 Nxf6 16. Bd3 Bb7 17. Rae1 {LiveBook: 16 Games} Rae8 18. Re3 e5 $146 ({Predecessor:} 18... g6 19. Qh4 Qd8 20. Rh3 Nh5 21. Qf2 f5 22. exf5 exf5 23. Re3 Rxe3 24. Qxe3 Re8 25. Qd4 Qf6 {½-½ (25) Abreu Delgado,A (2455)-Dimitrov,V (2438) Pedrido 2003}) 19. Qh4 Qe7 20. Rh3 {[#] And now fxe5 would win.} h6 21. fxe5 dxe5 22. Qg3 {aiming for Rxh6.} Kh8 23. Qe3 Nh7 24. a4 bxa4 25. Nd5 (25. Nxa4 $11 {keeps the balance.} Ng5 26. Rh5) 25... Bxd5 26. exd5 e4 27. Bxa6 Qe5 28. Bb5 Rb8 29. c4 Qxb2 (29... Nf6 $11) 30. Bxa4 ({White should play} 30. Qc3 $14 Qxc3 31. Rxc3) 30... f5 31. Qf4 (31. Qc1 $11 {remains equal.}) 31... Ra8 $36 {[%mdl 2048] Black is really pushing.} 32. Bd7 $2 {[%mdl 8192]} (32. Bb3 $17) 32... Ra1 $19 {Black is clearly winning.} 33. Kg1 Rfa8 34. Re3 R8a2 (34... Rxf1+ $142 35. Qxf1 Qd4) 35. Re2 Rxf1+ 36. Qxf1 Qxe2 (36... Qd4+ $142 37. Rf2 Ra1 38. Qxa1 Qxa1+ 39. Rf1 Qa7+ 40. Kh1 Qxd7) 37. Qxe2 Rxe2 38. c5 Rc2 39. c6 e3 {[%cal Rc2c1] [#]} 40. Kf1 Nf6 41. d6 Ne4 {( -> ...Nc3)} 42. Bxf5 Rf2+ 43. Ke1 Nxd6 {Precision: White = 35%, Black = 59%.} 0-1

[Event "GAMMA Reykjavik Open 2018"]
[Site "Reykjavik"]
[Date "2018.03.15"]
[Round "8"]
[White "Stefansson, Vignir Vatnar"]
[Black "L'Ami, Erwin"]
[Result "0-1"]
[WhiteElo "2300"]
[BlackElo "2634"]
[Annotator "TA"]
[PlyCount "92"]
[EventType "swiss"]
[EventCountry "ISL"]
[SourceTitle "playchess.com"]
[Source "ChessBase"]
[SourceQuality "1"]

{[%evp 19,92,38,40,30,30,37,33,45,49,-7,-2,-35,-30,-37,-31,-30,-23,-29,-19,-95,-93,-96,-97,-84,-93,-110,-48,-50,-39,-52,-37,-39,-34,-36,-39,-41,-34,-41,-26,-75,-77,-80,-47,-41,-37,-42,-21,-54,-53,-96,-100,-102,-93,-102,-55,-34,-13,-91,-75,-144,-120,-142,-169,-363,-394,-399,-393,-343,-314,-421,-407,-865,-810,-29988,-29989]} 1. d4 Nf6 2. c4 g6 3. Nc3 Bg7 4. e4 d6 5. Nf3 O-O 6. Be2 c5 7. d5 Bg4 8. O-O Na6 9. Ne1 {E91: King's Indian: Classical: 6 Be2, unusual replies including 6...c5 and 6...Bg4} (9. Be3 Bxf3 10. Bxf3 Nd7 11. Qd2 Nc7 12. Be2 a6 13. a4 Rb8 14. Rad1 Na8 15. Qc2 Qa5 16. Ra1 Rfe8 {1-0 (46) Wojtaszek,R (2715)-Lenic,L (2659) Dubai 2014}) 9... Bxe2 10. Qxe2 Nc7 {LiveBook: 3 Games} 11. Nd3 {White is slightly better.} b5 $146 ({Predecessor:} 11... e6 12. Bg5 exd5 13. exd5 h6 14. Bh4 Qd7 15. Rae1 Rae8 16. Qf3 Nh7 {0-1 (30) Helmer,J (2260)-Bogdan,D (2467) Baile Tusnad 2005}) 12. cxb5 a6 13. bxa6 Qc8 14. Ne1 (14. a7 $14) 14... Qxa6 $11 15. Qxa6 (15. Qc2 {is interesting.} e6 16. dxe6 Nxe6 17. Be3 Rfd8 18. Nd3) 15... Rxa6 16. Nc2 Rb8 {[%mdl 1024] Black has compensation.} 17. Re1 Nd7 {[%cal Bf6d7,Bd7e5,Be5g4][%mdl 32]} 18. Re3 Ne5 19. b3 (19. Rh3 $11) 19... Ng4 $17 20. Rh3 f5 21. exf5 Nxd5 22. Bb2 {[#]} Bxc3 ({Black should try} 22... Nf4 $1 $17 {[%cal Rf4h3]} 23. Rf3 Bxc3 24. Bxc3 Ne2+ 25. Kh1 {[#]} Nxf2+ $1 {[%mdl 512]} 26. Rxf2 Nxc3) 23. Bxc3 $15 gxf5 24. Rd3 Nf4 25. Rd2 Kf7 26. f3 Nf6 $1 27. Ne3 e6 28. Bxf6 Kxf6 29. Rad1 d5 30. g3 Nh3+ 31. Kg2 Ng5 $1 32. Rc1 Rb5 33. Re1 Nf7 34. Nd1 Rba5 35. Nc3 d4 36. Na4 Rxa4 37. bxa4 $17 {[%mdl 4096] Endgame Black should prevent Rc1. KRR-KRN} Ne5 38. Rc1 (38. a5 $1 $11) 38... Nd7 39. Rb2 (39. f4 $142) 39... e5 40. Rb7 Ke6 41. Rxd7 $2 (41. a3) 41... Kxd7 $19 42. Rxc5 {KR-KR} Kd6 43. Rc4 Rb6 44. a3 Rb2+ 45. Kg1 (45. Kf1 $142 Rxh2 46. Rb4) 45... d3 {( -> ...d2)} 46. Kf1 Rb1+ {Precision: White = 33%, Black = 71%.} 0-1